000 00941nab a2200253 4500
003 BR-BrBNA
005 20240930112348.0
008 240930b bl.||||| |||| 00| 0 por d
040 _aBR-BrBNA
_bpor
072 _aQ02 ; Q03 ; Q04
100 _aSá, Cláudia Valéria Gonçalves Cordeiro de
100 _aNóbrega, Judi Maria da
245 _aA segurança dos alimentos é uma responsabilidade partilhada
500 _a7 illus.
650 _aSEGURANÇA ALIMENTAR
650 _aINSPEÇÃO SANITÁRIA
650 _aANÁLISE DE LABORATÓRIO
650 _aPRODUTO DE ORIGEM ANIMAL
650 _aSELO DE QUALIDADE
650 _aSAÚDE PÚBLICA
773 0 _04945
_920965
_dBrasília-DF Ministério da Agricultura, Pecuária e Abastecimento . Secretaria de Defesa Agropecuária 2022 -
_o2023-43711
_tRevista da Defesa Agropecuária (Brazil)
_gv. 1(1) p. 18-22; (Nov 2022)
_wBR2024002752
942 _cANA
999 _c327877
_d327877